书目信息 |
| 题名: |
中国公募基金管理公司整体投资回报能力评价研究
|
|
| 作者: | 林树 著 | |
| 分册: | 2019 | |
| 出版信息: | 南京 东南大学出版社 2020.6 |
|
| 页数: | 292页 | |
| 开本: | 24cm | |
| 丛书名: | ||
| 单 册: | ||
| 中图分类: | F832.3 | |
| 科图分类: | ||
| 主题词: | 投资基金--tou zi ji jin--金融公司--投资回报--研究--中国--2019 | |
| 电子资源: | ||
| ISBN: | 978-7-5641-8925-9 | |
| 000 | 01305nam0 2200253 450 | |
| 001 | 2133106216 | |
| 005 | 20211026092157.37 | |
| 010 | @a978-7-5641-8925-9@dCNY78.00 | |
| 100 | @a20200807d2020 em y0chiy0120 ea | |
| 101 | 0 | @achi |
| 102 | @aCN@b320000 | |
| 105 | @ak z 000yy | |
| 106 | @ar | |
| 200 | 1 | @a中国公募基金管理公司整体投资回报能力评价研究@Azhong guo gong mu ji jin guan li gong si zheng ti tou zi hui bao neng li ping jia yan jiu@h2019@dTotal investment performance rating, TIP rating@h2019@f林树著@zeng |
| 210 | @a南京@c东南大学出版社@d2020.6 | |
| 215 | @a292页@c表格@d24cm | |
| 300 | @a国家自然科学基金资助 南京大学人文社科双一流建设“百层次”科研项目资助 | |
| 330 | @a本书数据截至2019年,分为三年期、五年期、十年期三种时间段来对样本基金公司进行评价分析,从分析报告中,可以看出为什么有些基金公司的整体投资回报能力在短期内可以排在前列,有些基金公司则排在后面。从不同的时段上,也可以看出某些基金公司的整体投资能力在长、短期上的剧烈变化,让读者可以对某些基金公司的投研的稳定性有直观的感受。 | |
| 510 | 1 | @aTotal investment performance rating, TIP rating@h2019@zeng |
| 606 | 0 | @a投资基金@Atou zi ji jin@x金融公司@x投资回报@x研究@y中国@z2019 |
| 690 | @aF832.3@v5 | |
| 701 | 0 | @a林树@Alin shu@f(1978~)@4著 |
| 801 | 0 | @aCN@b百万庄@c20211025 |
| 905 | @b1312153-56@dF832.3@e220(2019)@f4 | |
| 中国公募基金管理公司整体投资回报能力评价研究.2019=Total investment performance rating, TIP rating.2019/林树著.-南京:东南大学出版社,2020.6 |
| 292页:表格;24cm |
| 国家自然科学基金资助 南京大学人文社科双一流建设“百层次”科研项目资助 |
| ISBN 978-7-5641-8925-9:CNY78.00 |
| 本书数据截至2019年,分为三年期、五年期、十年期三种时间段来对样本基金公司进行评价分析,从分析报告中,可以看出为什么有些基金公司的整体投资回报能力在短期内可以排在前列,有些基金公司则排在后面。从不同的时段上,也可以看出某些基金公司的整体投资能力在长、短期上的剧烈变化,让读者可以对某些基金公司的投研的稳定性有直观的感受。 |
| ● |
| 相关链接 |
|
|
|
|
正题名:中国公募基金管理公司整体投资回报能力评价研究
索取号:F832.3/220(2019)
 
预约/预借
| 序号 | 登录号 | 条形码 | 馆藏地/架位号 | 状态 | 备注 |
| 1 | 1312153 | 213121539 | 第一样本阅览室/ [索取号:F832.3/220(2019)] | 在馆 | |
| 2 | 1312154 | 213121548 | 第一借阅区/ [索取号:F832.3/220(2019)] | 在馆 | |
| 3 | 1312155 | 213121557 | 第一借阅区/ [索取号:F832.3/220(2019)] | 在馆 | |
| 4 | 1312156 | 213121566 | 第一借阅区/ [索取号:F832.3/220(2019)] | 在馆 |